000 00788nas a2200265 4500
001 BR0702083
003 BR-BrBNA
005 20231205110724.0
007 ta
008 230509b bl.|||p| |||| 00| 00por d
040 _aBR-BrBNA
_bpor
_cBiblioteca Nacional de Agricultura
041 _a(Pt)
072 _aH10
100 1 _aNava, D.E.
100 1 _aTakahashi, K.M.
100 1 _aParra, J.R.P.
245 1 _aLinhagens de Trichogramma e Trichogrammatoidea para controle de Stenoma catenifer
650 _aABACATE
650 _aBROCA
650 _aCONTROLE BIOLOGICO
650 _aPARASITOIDE
773 0 _tPesquisa Agropecuaria Brasileira (Brazil)
_xISSN 0100-204X
_g(Jan 2007), v. 42(1) p. 9-16
_wBR0702083
909 _a202311
_bLúcia
_c55
_dLúcia Elande
942 _2AGRIS
_n0
_cANA
999 _c188735
_d188735